[Event "ITA-ch U20"]
[Site "Tarvisio"]
[Date "2023.07.04"]
[Round "3"]
[White "Pigato, Alex"]
[Black "Lo Gatto, Riccardo"]
[Result "0-1"]
[WhiteElo "1773"]
[BlackElo "1987"]
[PlyCount "42"]
[EventDate "2023.07.02"]
[EventType "swiss"]
[EventRounds "9"]
[EventCountry "ITA"]
[SourceTitle "EXT 2024"]
[Source "ChessBase"]
[SourceDate "2023.10.10"]
[SourceVersion "1"]
[SourceVersionDate "2023.10.10"]
[SourceQuality "1"]

1. e4 c5 2. Nf3 e6 3. d4 cxd4 4. Nxd4 Nf6 5. Nc3 Nc6 6. Be3 Bb4 7. Nxc6 bxc6 8. f3 d5 9. exd5 Nxd5 10. Bd2 0-0 11. Bd3 Nxc3 12. Bxc3 Bxc3+ 13. bxc3 Qb6 14. Qe2 Qc5 15. Rb1 Qxc3+ 16. Qd2 Qc5 17. h4 Rd8 18. Bxh7+ Kxh7 19. Qxd8 Qe3+ 20. Kd1 Ba6 21. Qd2 Rd8 0-1

[Event "Kaltern op 5th"]
[Site "Kaltern"]
[Date "2022.10.23"]
[Round "4"]
[White "Capraro, Fabio"]
[Black "Pigato, Alex"]
[Result "1-0"]
[WhiteElo "1908"]
[BlackElo "1762"]
[PlyCount "85"]
[EventDate "2022.10.21"]
[EventType "swiss"]
[EventRounds "5"]
[EventCountry "ITA"]
[SourceTitle "EXT 2024"]
[Source "ChessBase"]
[SourceDate "2023.10.10"]
[SourceVersion "1"]
[SourceVersionDate "2023.10.10"]
[SourceQuality "1"]

1. c4 g6 2. g3 Bg7 3. Bg2 d6 4. Nc3 e5 5. e4 Ne7 6. Nge2 0-0 7. 0-0 Nbc6 8. d3 Bd7 9. Rb1 a5 10. a3 f5 11. f4 fxe4 12. dxe4 Nd4 13. Nxd4 exd4 14. Na4 c5 15. b3 Qc7 16. Nb2 Rab8 17. a4 Nc6 18. Nd3 Rbe8 19. h3 Nb4 20. Nxb4 axb4 21. Qd3 Bc6 22. Bd2 Re7 23. Rbe1 b6 24. Re2 Qb7 25. Rfe1 Rfe8 26. Kh2 Bh6 27. g4 Kh8 28. Bf3 Kg8 29. f5 Bxd2 30. Qxd2 Bxe4 31. f6 Re6 32. Rxe4 Rxe4 33. Rxe4 Rxe4 34. Qg2 Qf7 35. Bxe4 Qxf6 36. Qf3 Qe5+ 37. Kg2 Qe7 38. Kf2 Qh4+ 39. Ke2 Qe7 40. Kd3 Kg7 41. Bd5 Qe8 42. g5 Qe7 43. h4 1-0

[Event "Kaltern op 5th"]
[Site "Kaltern"]
[Date "2022.10.22"]
[Round "3"]
[White "Pigato, Alex"]
[Black "De Nisi, Roberta"]
[Result "1-0"]
[WhiteElo "1762"]
[BlackElo "1842"]
[PlyCount "69"]
[EventDate "2022.10.21"]
[EventType "swiss"]
[EventRounds "5"]
[EventCountry "ITA"]
[SourceTitle "EXT 2024"]
[Source "ChessBase"]
[SourceDate "2023.10.10"]
[SourceVersion "1"]
[SourceVersionDate "2023.10.10"]
[SourceQuality "1"]

1. e4 e6 2. d4 d5 3. e5 c5 4. c3 Nc6 5. Nf3 Bd7 6. a3 Qc7 7. b4 cxd4 8. cxd4 Rc8 9. Bb2 Nxb4 10. axb4 Bxb4+ 11. Nbd2 Qc2 12. Ba3 Qxd1+ 13. Kxd1 Bc3 14. Rb1 Bc6 15. Bb4 Bxb4 16. Rxb4 a5 17. Rb1 Ne7 18. Bb5 Kd7 19. Ke2 a4 20. Bxc6+ bxc6 21. Ra1 Ra8 22. Rhb1 Kc7 23. Rb4 h6 24. Rbxa4 Rxa4 25. Rxa4 Rb8 26. Ra7+ Kd8 27. g4 f6 28. Ke3 Rb5 29. Kd3 c5 30. dxc5 Rxc5 31. Nd4 Rc1 32. Nxe6+ Ke8 33. Nxg7+ Kf8 34. exf6 Nc8 35. Ne6+ 1-0

[Event "Kaltern op 5th"]
[Site "Kaltern"]
[Date "2022.10.22"]
[Round "2"]
[White "Pigato, Alex"]
[Black "Niederstatter, Harald"]
[Result "0-1"]
[WhiteElo "1762"]
[BlackElo "1904"]
[PlyCount "58"]
[EventDate "2022.10.21"]
[EventType "swiss"]
[EventRounds "5"]
[EventCountry "ITA"]
[SourceTitle "EXT 2024"]
[Source "ChessBase"]
[SourceDate "2023.10.10"]
[SourceVersion "1"]
[SourceVersionDate "2023.10.10"]
[SourceQuality "1"]

1. e4 c6 2. d4 d5 3. e5 Bf5 4. Be3 e6 5. Nd2 c5 6. c3 Nc6 7. Ngf3 cxd4 8. cxd4 Qb6 9. Nh4 Nge7 10. g4 Be4 11. f3 Bg6 12. Nxg6 hxg6 13. Nb3 Nxe5 14. dxe5 Qxe3+ 15. Qe2 Qxe2+ 16. Bxe2 Nc6 17. Bb5 Rc8 18. Rc1 Kd8 19. Bxc6 Rxc6 20. Kd2 Be7 21. h3 Kd7 22. Kd3 Rhc8 23. Rxc6 bxc6 24. Rc1 c5 25. Nd2 Bg5 26. b3 Bf4 27. Re1 Rh8 28. Rc1 Kc6 29. b4 c4+ 0-1

[Event "Veneto-ch qf 80th"]
[Site "Sottomarina"]
[Date "2021.06.05"]
[Round "2.11"]
[White "Belloni, Umberto"]
[Black "Pigato, Alex"]
[Result "1-0"]
[WhiteElo "1619"]
[BlackElo "1825"]
[PlyCount "119"]
[EventDate "2021.06.04"]
[EventType "swiss"]
[EventRounds "5"]
[EventCountry "ITA"]
[SourceTitle "EXT 2024"]
[Source "ChessBase"]
[SourceDate "2023.10.10"]
[SourceVersion "1"]
[SourceVersionDate "2023.10.10"]
[SourceQuality "1"]

1. d4 f5 2. Bg5 c6 3. c3 Qb6 4. Qc2 e6 5. Nd2 Be7 6. h4 Nf6 7. e3 d6 8. Bxf6 Bxf6 9. Be2 e5 10. dxe5 dxe5 11. Bc4 Na6 12. Ngf3 Nc7 13. Ng5 Bxg5 14. hxg5 g6 15. 0-0-0 Ne6 16. Qd3 Qc7 17. f4 Nc5 18. Qe2 b5 19. Bd3 e4 20. Bb1 Be6 21. Nb3 Bc4 22. Qd2 Rd8 23. Qxd8+ Qxd8 24. Rxd8+ Kxd8 25. Nxc5 Kc7 26. b3 Bd5 27. Na6+ Kb6 28. Nb4 Be6 29. Nc2 c5 30. g3 a5 31. Ne1 b4 32. c4 Kc6 33. Rh6 Kb7 34. Kb2 Kc7 35. Bc2 Kb7 36. Bd1 Bf7 37. g4 Be6 38. gxf5 Bxf5 39. Kc2 Kc7 40. Rh2 Be6 41. Rh6 Bf5 42. Kb2 Kc6 43. Bc2 Kd6 44. Ng2 Ke7 45. Rh1 Kf7 46. Nh4 Ke7 47. Nxf5+ gxf5 48. g6 h6 49. g7 Rg8 50. Rxh6 Rxg7 51. Rh1 Rg3 52. Re1 Ke6 53. Kc1 Ke7 54. Kb2 Ke6 55. Kc1 Ke7 56. Kd2 Rg2+ 57. Re2 Rg1 58. Bd1 Rg6 59. Rh2 Rd6+ 60. Ke2 1-0

[Event "Veneto-ch qf 80th"]
[Site "Sottomarina"]
[Date "2021.06.04"]
[Round "1.1"]
[White "Pigato, Alex"]
[Black "Basso, Pier Luigi"]
[Result "0-1"]
[WhiteElo "1825"]
[BlackElo "2550"]
[PlyCount "68"]
[EventDate "2021.06.04"]
[EventType "swiss"]
[EventRounds "5"]
[EventCountry "ITA"]
[SourceTitle "EXT 2024"]
[Source "ChessBase"]
[SourceDate "2023.10.10"]
[SourceVersion "1"]
[SourceVersionDate "2023.10.10"]
[SourceQuality "1"]

1. d4 d5 2. Nf3 Nf6 3. c4 c6 4. Nc3 e6 5. Bg5 Nbd7 6. e3 h6 7. Bh4 g5 8. Bg3 Nh5 9. Be2 Nxg3 10. hxg3 Bg7 11. Qc2 Qe7 12. a3 a6 13. b4 0-0 14. 0-0 f5 15. cxd5 exd5 16. Bd3 Nf6 17. Ne5 Qe8 18. f4 Ng4 19. Nxg4 fxg4 20. Rae1 gxf4 21. gxf4 a5 22. b5 Qe7 23. g3 Qxa3 24. bxc6 bxc6 25. Na4 Rb8 26. Rb1 Rxb1 27. Rxb1 Qe7 28. Kf2 Re8 29. Qd2 Qf7 30. Qxa5 Bf5 31. Qc3 Qh5 32. Bxf5 Qxf5 33. Rb3 Qe4 34. Qxc6 Bxd4 0-1

[Event "Mestre Sheraton op-B 1st"]
[Site "Mestre"]
[Date "2021.02.28"]
[Round "4"]
[White "Pigato, Alex"]
[Black "Timagina, Sofia"]
[Result "1-0"]
[WhiteElo "1735"]
[BlackElo "1114"]
[PlyCount "83"]
[EventDate "2021.02.26"]
[EventType "swiss"]
[EventRounds "5"]
[EventCountry "ITA"]
[SourceTitle "EXT 2023"]
[Source "ChessBase"]
[SourceDate "2022.10.05"]
[SourceVersion "1"]
[SourceVersionDate "2022.10.05"]
[SourceQuality "1"]

1. d4 Nf6 2. Nf3 g6 3. c4 Bg7 4. Nc3 0-0 5. Bf4 d6 6. e3 Bf5 7. Bd3 Nbd7 8. Bxf5 gxf5 9. h4 h5 10. Rh3 Ng4 11. Nh2 e5 12. dxe5 dxe5 13. Bg3 f4 14. exf4 exf4 15. Bxf4 Re8+ 16. Be3 Nxe3 17. fxe3 Re5 18. Qd3 Qe8 19. 0-0-0 Nc5 20. Qd2 a5 21. Nd5 Qa4 22. Kb1 Rd8 23. Ne7+ Rxe7 24. Qxd8+ Re8 25. Qd2 Qxc4 26. Rc1 Qe4+ 27. Qc2 Nd3 28. Rf1 f5 29. Rhf3 f4 30. exf4 Qe1+ 31. Qd1 Qxh4 32. Rxd3 Qxh2 33. Rh3 Qxg2 34. Qb3+ Kh8 35. Rxh5+ Bh6 36. Rxh6+ Kg7 37. Rhh1 Qe4+ 38. Qc2 Qe7 39. Rh7+ Kf8 40. Qf5+ Kg8 41. Rg1+ Qg7 42. Rgxg7# 1-0

[Event "Mestre Sheraton op-B 1st"]
[Site "Mestre"]
[Date "2021.02.27"]
[Round "3"]
[White "Rodella, Edoardo"]
[Black "Pigato, Alex"]
[Result "1-0"]
[WhiteElo "1431"]
[BlackElo "1735"]
[PlyCount "117"]
[EventDate "2021.02.26"]
[EventType "swiss"]
[EventRounds "5"]
[EventCountry "ITA"]
[SourceTitle "EXT 2023"]
[Source "ChessBase"]
[SourceDate "2022.10.05"]
[SourceVersion "1"]
[SourceVersionDate "2022.10.05"]
[SourceQuality "1"]

1. c4 g6 2. Nc3 Bg7 3. d3 e6 4. e4 Ne7 5. g3 b6 6. Bg2 Bb7 7. Nge2 0-0 8. 0-0 c5 9. Bg5 Nbc6 10. Rb1 h6 11. Bf4 d6 12. Qd2 g5 13. Be3 f5 14. f4 g4 15. d4 cxd4 16. Nxd4 Nxd4 17. Bxd4 e5 18. Be3 h5 19. fxe5 dxe5 20. Nd5 fxe4 21. Bxe4 Nxd5 22. Rxf8+ Bxf8 23. Bxd5+ Bxd5 24. Rd1 Rc8 25. Qxd5+ Qxd5 26. Rxd5 Bc5 27. Rxe5 Bxe3+ 28. Rxe3 Rxc4 29. Kf2 Kf7 30. b3 Rc2+ 31. Re2 Rxe2+ 32. Kxe2 Ke6 33. Ke3 Ke5 34. a3 Kf5 35. Kd4 Kg5 36. Ke5 h4 37. Ke4 hxg3 38. hxg3 a6 39. b4 a5 40. b5 Kf6 41. Kf4 Ke6 42. Kxg4 Kd5 43. Kf4 Kc4 44. g4 Kxb5 45. g5 Ka4 46. g6 Kxa3 47. g7 b5 48. g8Q b4 49. Qg6 b3 50. Qb1 b2 51. Ke3 Kb3 52. Kd2 a4 53. Qc2+ Ka3 54. Qb1 Kb3 55. Kd3 a3 56. Kd2 Kc4 57. Kc2 Kb4 58. Qa2 Ka4 59. Qb3+ 1-0